Исследование напряженно-деформированного состояния трубопроводов в мерзлом грунте на сильно обводненных участках трассы; Горный информационно-аналитический бюллетень; S 2

書目詳細資料
Parent link:Горный информационно-аналитический бюллетень: научно-технический журнал.— , 1992-
S 2.— 2011.— [С. 166-171]
主要作者: Бурков П. В. Пётр Владимирович
其他作者: Буркова С. П. Светлана Петровна, Кузнецов А. В.
總結:Заглавие с экрана
Целью работы является изучение поведения и исследование напряженно-деформированного состояния трубопровода в мерзлом грунте на сильно обводненных участках трассы. Под действием сил морозного пучения, действующих вертикально снизу вверх, трубопровод меняет свое геометрическое положение. Результаты исследований показали, что в трубопроводе возникают напряжения, которые переменны по длине трубы. Участки трубопровода, прилегающие к участкам плотного грунта, характеризуются повышенным уровнем напряжения.
Режим доступа: по договору с организацией-держателем ресурса
語言:俄语
出版: 2011
主題:
在線閱讀:http://elibrary.ru/item.asp?id=17231111
格式: 電子 Book Chapter
KOHA link:https://koha.lib.tpu.ru/cgi-bin/koha/opac-detail.pl?biblionumber=644987

MARC

LEADER 00000nla0a2200000 4500
001 644987
005 20250319102728.0
035 |a (RuTPU)RU\TPU\network\10071 
035 |a RU\TPU\network\10025 
090 |a 644987 
100 |a 20151207d2011 k||y0rusy50 ca 
101 0 |a rus 
102 |a RU 
135 |a drnn ---uucaa 
181 0 |a i  
182 0 |a b 
200 1 |a Исследование напряженно-деформированного состояния трубопроводов в мерзлом грунте на сильно обводненных участках трассы  |f П. В. Бурков, С. П. Буркова, А. В. Кузнецов 
203 |a Текст  |c электронный 
300 |a Заглавие с экрана 
320 |a [Библиогр.: с. 171 (4 назв.)] 
330 |a Целью работы является изучение поведения и исследование напряженно-деформированного состояния трубопровода в мерзлом грунте на сильно обводненных участках трассы. Под действием сил морозного пучения, действующих вертикально снизу вверх, трубопровод меняет свое геометрическое положение. Результаты исследований показали, что в трубопроводе возникают напряжения, которые переменны по длине трубы. Участки трубопровода, прилегающие к участкам плотного грунта, характеризуются повышенным уровнем напряжения. 
333 |a Режим доступа: по договору с организацией-держателем ресурса 
337 |a Adobe Reader 
461 |t Горный информационно-аналитический бюллетень  |o научно-технический журнал  |d 1992- 
463 |t S 2  |v [С. 166-171]  |d 2011 
610 1 |a электронный ресурс 
610 1 |a труды учёных ТПУ 
610 1 |a напряженно-деформированное состояние 
610 1 |a пучинистые грунты 
610 1 |a мерзлые грунты 
610 1 |a напряжение 
700 1 |a Бурков  |b П. В.  |c инженер-механик  |c профессор Томского политехнического университета и Юргинского технологического института (филиала) Томского политехнического университета, доктор технических наук  |f 1957-  |g Пётр Владимирович  |3 (RuTPU)RU\TPU\pers\24291  |9 10756 
701 1 |a Буркова  |b С. П.  |c специалист в области инженерной графики и начертательной геометрии  |c доцент Томского политехнического университета, кандидат технических наук  |f 1960-  |g Светлана Петровна  |3 (RuTPU)RU\TPU\pers\27880  |9 12896 
701 1 |a Кузнецов  |b А. В. 
801 2 |a RU  |b 63413507  |c 20151207  |g RCR 
856 4 |u http://elibrary.ru/item.asp?id=17231111 
942 |c CF